<?xml version="1.0" encoding="UTF-8"?>
<record
    xmlns:xsi="http://www.w3.org/2001/XMLSchema-instance"
    xsi:schemaLocation="http://www.loc.gov/MARC21/slim http://www.loc.gov/standards/marcxml/schema/MARC21slim.xsd"
    xmlns="http://www.loc.gov/MARC21/slim">

  <leader>00434nam a22001217a 4500</leader>
  <datafield tag="999" ind1=" " ind2=" ">
    <subfield code="c">3322</subfield>
    <subfield code="d">3322</subfield>
  </datafield>
  <controlfield tag="008">200608b           ||||| |||| 00| 0 eng d</controlfield>
  <datafield tag="110" ind1=" " ind2=" ">
    <subfield code="9">2794</subfield>
    <subfield code="a">Tanker Structure Co-operative Forum</subfield>
  </datafield>
  <datafield tag="245" ind1="1" ind2="0">
    <subfield code="a">Guidance manual for the inspection and condition assessment of tanker structures /</subfield>
  </datafield>
  <datafield tag="260" ind1=" " ind2=" ">
    <subfield code="a">London :</subfield>
    <subfield code="b">Tanker Structure Co-operative Forum,</subfield>
    <subfield code="c">2010.</subfield>
  </datafield>
  <datafield tag="300" ind1=" " ind2=" ">
    <subfield code="a">x</subfield>
  </datafield>
  <datafield tag="650" ind1=" " ind2="0">
    <subfield code="a">Tanker</subfield>
  </datafield>
  <datafield tag="942" ind1=" " ind2=" ">
    <subfield code="c">BK</subfield>
  </datafield>
  <datafield tag="952" ind1=" " ind2=" ">
    <subfield code="0">0</subfield>
    <subfield code="1">0</subfield>
    <subfield code="2">ddc</subfield>
    <subfield code="4">0</subfield>
    <subfield code="6">623_824500000000000_T165</subfield>
    <subfield code="7">0</subfield>
    <subfield code="9">8915</subfield>
    <subfield code="a">CL</subfield>
    <subfield code="b">CL</subfield>
    <subfield code="d">2011-11-25</subfield>
    <subfield code="e">Shroff Publishers and Distributors</subfield>
    <subfield code="g">3373.86</subfield>
    <subfield code="o">623.8245 T165</subfield>
    <subfield code="p">11433</subfield>
    <subfield code="r">2020-06-08</subfield>
    <subfield code="v">3373.86</subfield>
    <subfield code="y">BK</subfield>
  </datafield>
  <datafield tag="952" ind1=" " ind2=" ">
    <subfield code="0">0</subfield>
    <subfield code="1">0</subfield>
    <subfield code="2">ddc</subfield>
    <subfield code="4">0</subfield>
    <subfield code="6">623_824500000000000_T165</subfield>
    <subfield code="7">0</subfield>
    <subfield code="9">8916</subfield>
    <subfield code="a">CL</subfield>
    <subfield code="b">CL</subfield>
    <subfield code="d">2011-11-25</subfield>
    <subfield code="e">Shroff Publishers and Distributors</subfield>
    <subfield code="g">3373.86</subfield>
    <subfield code="o">623.8245 T165</subfield>
    <subfield code="p">11434</subfield>
    <subfield code="r">2020-06-08</subfield>
    <subfield code="v">3373.86</subfield>
    <subfield code="y">BK</subfield>
  </datafield>
  <datafield tag="952" ind1=" " ind2=" ">
    <subfield code="0">0</subfield>
    <subfield code="1">0</subfield>
    <subfield code="2">ddc</subfield>
    <subfield code="4">0</subfield>
    <subfield code="6">623_824500000000000_T165</subfield>
    <subfield code="7">0</subfield>
    <subfield code="9">8917</subfield>
    <subfield code="a">CL</subfield>
    <subfield code="b">CL</subfield>
    <subfield code="d">2011-11-25</subfield>
    <subfield code="e">Shroff Publishers and Distributors</subfield>
    <subfield code="g">3373.86</subfield>
    <subfield code="o">623.8245 T165</subfield>
    <subfield code="p">11435</subfield>
    <subfield code="r">2020-06-08</subfield>
    <subfield code="v">3373.86</subfield>
    <subfield code="y">BK</subfield>
  </datafield>
</record>
